MARC

LEADER 00000nam0a2200000 4500
001 195704
005 20241113153449.0
035 |a (RuTPU)RU\TPU\book\213517 
090 |a 195704 
100 |a 20110513d1915 k y0rusy50 ca 
101 0 |a rus 
102 |a RU 
105 |a a z 000zy 
200 1 |a О двух свойствах родственных определителей  |e [оттиск статьи]  |f В. П. Зылев 
210 |a Томск  |c Типо-литография Сибирского Т-ва Печатного Дела  |d 1915 
215 |a 6 с.  |c черт. 
300 |a Текст в русской дореформенной орфографии 
517 1 |a О двухъ свойствахъ родственныхъ опредълителей  |z chu 
600 1 |a Некрасов  |b В. Л.  |c математик  |f 1864-1922  |g Владимир Леонидович  |c профессор Томского технологического института  |y Томск  |2 stltpush  |3 (RuTPU)RU\TPU\pers\10488 
606 1 |a Матрицы и определители  |2 stltpush  |3 (RuTPU)RU\TPU\subj\51482  |9 70075 
610 1 |a труды учёных ТПУ 
610 1 |a Коллекция ТПУ 
610 1 |a оттиски 
610 1 |a теоремы 
610 1 |a формулы 
610 1 |a расчеты 
610 1 |a строки 
610 1 |a ранги 
610 1 |a доказательства 
675 |a 512.64  |v 3 
700 1 |a Зылев  |b В. П. 
801 1 |a RU  |b 63413507  |c 20110513 
801 2 |a RU  |b 63413507  |c 20190621  |g RCR 
942 |c BK